000
00285 a2200121 4500
000
nam a22 7a 4500
005
20260211150215.0
020
_a
9789360860417
100
_a
Nirmal Verma
_9
1115247
245
_a
Kishore Ekant
260
_b
Rajkamal Prakashan
_c
2024
942
_c
TEXL
999
_c
1679336
_d
1679336